00307nam a2200133Ia 45000030006000000080041000060400015000471000016000622450046000782500011001242600009001355460012001440050017001560STCL150530s9999 xx 000 0 und d aSTCLcSTCL aGotteried,B aTheory and problems of programming with C aSecond c2003 aEnglish20220125160215.0